000
00260nam a2200109Ia 4500
008
220713s9999 xx 000 0 und d
020
_a
978 0799372694
082
_a
AKF WILD
100
_a
No author, editors only
245
0
_a
WILNE, WOESTE WOUD
942
_c
BK
_y
561
_z
John Tresidder
999
_c
679311
_d
679310